logo

Bir Sreshtho Munshi Abdur Rouf Library
Jhenaidah Cadet College

Complete French all-in-one / (Record no. 12316)

MARC details
000 -LEADER
fixed length control field 03608nam a2200397 a 4500
001 - CONTROL NUMBER
JCCL Control Number 12316
003 - CONTROL NUMBER IDENTIFIER
JCCL marc code BD-JhCC
005 - DATE AND TIME OF LATEST TRANSACTION
control field 20211021103624.0
008 - FIXED-LENGTH DATA ELEMENTS--GENERAL INFORMATION
fixed length control field 210403s2018 nyu 000 0 fre d
020 ## - INTERNATIONAL STANDARD BOOK NUMBER
International Standard Book Number 9780071819541 (paperback)
020 ## - INTERNATIONAL STANDARD BOOK NUMBER
International Standard Book Number 9781260121032
020 ## - INTERNATIONAL STANDARD BOOK NUMBER
International Standard Book Number 0071819541 (paperback)
020 ## - INTERNATIONAL STANDARD BOOK NUMBER
Cancelled/invalid ISBN 9780071819558 (e-ISBN)
020 ## - INTERNATIONAL STANDARD BOOK NUMBER
Cancelled/invalid ISBN 007181955X (e-ISBN)
035 ## - SYSTEM CONTROL NUMBER
system control number (BD-JhCC)12316
040 ## - CATALOGING SOURCE
Original cataloging agency YDXCP
Transcribing agency YDXCP
Description conventions rda
Modifying agency BTCTA
-- OCLCQ
-- JBL
-- DLC
-- BD-JhCC
041 0# - LANGUAGE CODE
Language code of Book eng
-- fre
050 00 - LIBRARY OF CONGRESS CALL NUMBER
Classification number PC2129.E5
Item number H4454 2013
082 04 - DEWEY DECIMAL CLASSIFICATION NUMBER
Classification number 448.2421
DDC Edition number 23
Author mark and Year COM 2018
245 00 - TITLE STATEMENT
Title Complete French all-in-one /
Statement of responsibility, etc Annie Heminway, editor.
260 ## - PUBLICATION, DISTRIBUTION, ETC. (IMPRINT)
Place of publication, distribution, etc McGraw Hill,
Name of publisher, distributor, etc New York :
Date of publication, distribution, etc 2018.
300 ## - PHYSICAL DESCRIPTION
Pagination x, 644 pages ;
Dimensions 28 cm.
490 0# - SERIES STATEMENT
Series statement Practice makes Perfect
500 ## - GENERAL NOTE
General note "Seven books in one"--Cover.
500 ## - GENERAL NOTE
General note "LanguageLab, McGraw-Hill, Free practice app. www.mhlanguagelab.com"--Page 4 of cover.
500 ## - GENERAL NOTE
General note "Portions of this book were previously published under the titles of Practice makes perfect: complete French grammar, Practice makes perfect: French nouns and their genders up close, Practice makes perfect: French problem solver, Practice makes perfect: French pronouns and prepositions, Practice makes perfect: French verb tenses, Practice makes perfect: French vocabulary, and Practice makes perfect: French sentence builder"--Title page verso.
505 0# - FORMATTED CONTENTS NOTE
Formatted contents note Articles -- Basic gender endings: masculin and féminin -- More French nouns and their gender -- Numbers -- Vocabulary: thoughts, feelings, communicating, home, travel, science, leisure, and technology -- Building sentences -- Asking questions -- Exclamations and commands -- Independent clauses and subordinate clauses -- The present tense of -er verbs -- The present of -ir and -re verbs -- Être, avoir, and other irregular verbs -- The immediate future, the immediate past, and the causative form -- Pronominal verbs -- The passé composé -- The imparfait and the plus-que-parfait -- The simple future and the past future -- The present conditional and the past conditional -- Could, should, would? -- The present subjunctive and the past subjunctive -- Prepositions -- The infinitive mood -- The imperative mood -- The present participle and gerund -- The simple past, the passive voice, and indirect speech -- Pronouns -- Relative pronouns -- Adjectives -- Adverbs -- Written French: making transitions and written correspondence -- Verb transfers and confusing verbs -- Whatever, whenever, wherever: French oddities and fun with prepositions -- French in conversation: meeting people -- French in conversation: making conversation and making plans -- French in conversation: discussing current events -- French in conversation: asking for help -- A taste of French literature -- Appendix A: French pronunciation -- Appendix B: grammatical terminology for verbs -- Appendix C: French verb tables -- Appendix D: French-English/English-French glossary -- Answer key -- Translations.
520 ## - SUMMARY, ETC.
Summary, etc A workbook that presents instruction and skill-building exercises for learning French language vocabulary, grammar, conversation, rules for sentence structure, spelling and punctuation, and how to properly use different verb tenses.
650 #0 - SUBJECT ADDED ENTRY--TOPICAL TERM
Topical term or geographic name as entry element French language
Form subdivision Textbooks for foreign speakers
General subdivision English.
650 #0 - SUBJECT ADDED ENTRY--TOPICAL TERM
Topical term or geographic name as entry element French language
General subdivision Grammar
Form subdivision Problems, exercises, etc.
650 #0 - SUBJECT ADDED ENTRY--TOPICAL TERM
Topical term or geographic name as entry element French language
Form subdivision Problems, exercises, etc.
650 #0 - SUBJECT ADDED ENTRY--TOPICAL TERM
Topical term or geographic name as entry element French language
Form subdivision Self-instruction.
650 #0 - SUBJECT ADDED ENTRY--TOPICAL TERM
Topical term or geographic name as entry element French language
General subdivision Computer-assisted instruction.
700 1# - ADDED ENTRY--PERSONAL NAME
Personal name Heminway, Annie,
942 ## - ADDED ENTRY ELEMENTS (KOHA)
Source of classification or shelving scheme Dewey Decimal Classification
Koha item type Books
Holdings
Source of classification or shelving scheme Damaged status Not for loan Home library Current library Shelving location Date of accession Total Checkouts Full call number Barcode Date last seen Date checked out Copy number Koha item type
Dewey Decimal Classification     JCC Rouf Library JCC Rouf Library General Stacks 04/03/2021 1 448.2421 COM 2018 16638 05/26/2025 02/10/2025 C-1 Books

JCC Library | Contacts | JCC Home

Last Update on 23 September 2017
Copyright @ 2017-2020 JCC Rouf Library
Rouf Library, Jhenidah Cadet College (JCC), Bangladesh